Nebraska A to Z - Statistics

General Stats
  • This quiz has been taken 38 times
  • The average score is 11 of 26
Answer Stats
Hint Letter Answer % Correct
Nebraska Backwards A Aksarben
100%
The Nebraska ___________ Are a Famous College Football Team C Cornhuskers
93%
The State Capital L Lincoln
80%
The Largest City O Omaha
80%
A Suburb of Omaha that is also a City in Washington B Bellevue
63%
A Natural Disaster that Devastated Nebraska in 2019 F Flood
63%
Famous Soft Drink Made in Hastings, Nebraska K Kool Aid
63%
The Henry Doorly ___ Z Zoo
57%
Large River that flows ACROSS the State P Platte River
50%
The Man With the Third Highest Net Worth in the World W Warren Buffet
50%
State Flower G Goldenrod
40%
A Famous Samdwich Invented in Nebraska R Reuben
40%
Cranes that Migrate to the State Every Year S Sandhill Cranes
40%
A Legislature Which Consists of One Chamber or House that Nebraska Has U Unicameral
40%
State Bird M Meadowlark
37%
Famous Coach of the Answer of C T Tom Osborne
37%
An Internet Tycoon that has Two Giant Offices in Nebraska Y Yahoo
37%
Nebraska Holds the Largest Public Collection of ______ Q Quilts
33%
Largest County by Population in Nebraska D Douglas County
27%
A Large River up in North Nebraska N Niobrara River
23%
A City Named One of the Nation's Top 10 Wilderness Towns and Cities by National Geographic Adventure Magazine V Valentine
23%
Famous Actor From Nebraska H Henry Fonda
17%
The State Motto E Equality Before the Law
13%
Famous Art Museum in the Largest City J Joslyn Art Museum
10%
A City in Nebraska with Grave of a Pawnee Woman Who Died in the Battle of Massacre Canyon I Indianola
3%
A Famous Civil Rights Activist Given this Nickname X X, Malcolm
3%
No matching quizzes found
Score Distribution
Percent of People with Each Score
Percentile by Number Answered
Your Score History
You have not taken this quiz